[Event "Augsburg Afro op"]
[Site "Augsburg"]
[Date "2003.08.08"]
[Round "4"]
[White "Botz, Achim"]
[Black "Lerch, Matthias"]
[Result "1-0"]
[WhiteElo "1709"]
[BlackElo "1284"]
[PlyCount "77"]
[EventDate "2003.08.06"]
[EventType "swiss"]
[EventRounds "7"]
[EventCountry "GER"]
[SourceTitle "EXT 2006"]
[Source "ChessBase"]
[SourceDate "2005.11.24"]
[SourceVersion "1"]
[SourceVersionDate "2005.11.24"]
[SourceQuality "1"]

1. c4 e6 2. Nc3 d5 3. e3 Nf6 4. b3 Bd6 5. Bb2 Bd7 6. d4 0-0 7. Bd3 c5 8. dxc5 Bxc5 9. cxd5 exd5 10. Nge2 Nc6 11. 0-0 Nb4 12. Bb5 Bxb5 13. Nxb5 Qd7 14. Nbd4 Rac8 15. a3 Nc6 16. Rc1 Rfe8 17. Rxc5 Nxd4 18. Bxd4 Rcd8 19. Bxf6 gxf6 20. Qd4 Qd6 21. Nc3 Re5 22. Rd1 Rh5 23. g3 Qb6 24. Nxd5 Qa6 25. Nxf6+ Qxf6 26. Qxd8+ Kg7 27. Qxf6+ Kxf6 28. Rxh5 Kg6 29. g4 b6 30. Rd7 a6 31. Rd6+ f6 32. Rxb6 a5 33. Rxa5 h6 34. Rf5 h5 35. Rxh5 Kg7 36. Rf5 Kh8 37. Rb7 Kg8 38. Ra5 Kh8 39. Ra8# 1-0

[Event "Augsburg Afro op"]
[Site "Augsburg"]
[Date "2003.08.08"]
[Round "3"]
[White "Jannes, Alexander"]
[Black "Botz, Achim"]
[Result "1-0"]
[WhiteElo "1443"]
[BlackElo "1709"]
[PlyCount "130"]
[EventDate "2003.08.06"]
[EventType "swiss"]
[EventRounds "7"]
[EventCountry "GER"]
[SourceTitle "EXT 2006"]
[Source "ChessBase"]
[SourceDate "2005.11.24"]
[SourceVersion "1"]
[SourceVersionDate "2005.11.24"]
[SourceQuality "1"]

1. d4 Nf6 2. c4 e6 3. Nc3 Bb4 4. Bg5 0-0 5. a3 Bxc3+ 6. bxc3 b6 7. e4 h6 8. Bxf6 Qxf6 9. Nf3 Bb7 10. Bd3 c5 11. e5 Qf4 12. d5 f5 13. Be2 Qg4 14. 0-0 Qg6 15. a4 Qf7 16. a5 exd5 17. Qb3 Qe6 18. Rfd1 d4 19. cxd4 cxd4 20. Rxd4 Bxf3 21. Bxf3 Qxe5 22. Bd5+ Kh8 23. Rdd1 Nc6 24. Bxc6 dxc6 25. Re1 Qc5 26. Qc3 Rae8 27. axb6 axb6 28. h3 b5 29. Rec1 Re2 30. Qf3 Re6 31. cxb5 Qxb5 32. Rab1 Qd5 33. Qa3 Qd6 34. Qf3 c5 35. Rd1 Qc6 36. Qa3 Ra8 37. Qd3 Rg6 38. g3 f4 39. g4 h5 40. f3 c4 41. Qc2 hxg4 42. hxg4 Rh6 43. Kg2 Rg6 44. Rh1+ Kg8 45. Rh4 Qa6 46. Rb2 Qe6 47. Rb1 Re8 48. Rb2 Qc6 49. Rb1 Rd8 50. Rbh1 Kf7 51. Qf5+ Qf6 52. Qc2 c3 53. Qb3+ Qe6 54. Qxc3 Qe2+ 55. Kh3 Rd2 56. Qc7+ Ke6 57. Qc6+ Kf7 58. Qc7+ Ke6 59. Qc8+ Ke7 60. Qc5+ Ke6 61. Qf5+ Ke7 62. Qe4+ Qxe4 63. fxe4 Rd3+ 64. Kg2 Re3 65. Rf1 Rxe4 1-0